书目信息 |
| 题名: |
高性能模数与数模转换器件
|
|
| 作者: | 刘书明 , 刘斌 编著 | |
| 分册: | ||
| 出版信息: | 西安 西北电子科技大学出版社 2000 |
|
| 页数: | 391页 | |
| 开本: | 26cm | |
| 丛书名: | ||
| 单 册: | ||
| 中图分类: | TP335 | |
| 科图分类: | ||
| 主题词: | 模-数转换器 , 数-模转换器 | |
| 电子资源: | ||
| ISBN: | 7-5606-0798-5 | |
| 000 | 00654nam0 2200217 45 | |
| 001 | 0408131440 | |
| 005 | 20040813145436.9 | |
| 010 | @a7-5606-0798-5@dCNY33.00 | |
| 100 | @a20040813d2000 km y0chiy0120 ea | |
| 101 | 0 | @achi |
| 105 | @a z 000yy | |
| 200 | 1 | @a高性能模数与数模转换器件@AGao Xing Neng Mo Shu Yu Shu Mo Zhuan Huan Qi Jian@f刘书明,刘斌编著@FLiu Shu Ming,Liu Bin Bian Zhu |
| 210 | @a西安@c西北电子科技大学出版社@d2000 | |
| 215 | @a391页@d26cm | |
| 606 | 0 | @a模-数转换器 |
| 606 | 0 | @a数-模转换器 |
| 690 | @aTP335@v4 | |
| 701 | 0 | @a刘书明@4编著 |
| 701 | 0 | @a刘斌@4编著 |
| 801 | @aCN@bTSTCL@c20040813 | |
| 905 | @b335360-362@dTP335@e76@f3 | |
| 高性能模数与数模转换器件/刘书明,刘斌编著.-西安:西北电子科技大学出版社,2000 |
| 391页;26cm |
| ISBN 7-5606-0798-5:CNY33.00 |
| ● |
| 相关链接 |
|
|
|
|
正题名:高性能模数与数模转换器件
索取号:TP335/76
 
预约/预借
| 序号 | 登录号 | 条形码 | 馆藏地/架位号 | 状态 | 备注 |
| 1 | 0335360 | 203353600 | 第三借阅区/ [索取号:TP335/76] | 在馆 | |
| 2 | 0335361 | 203353619 | 第三借阅区/ [索取号:TP335/76] | 在馆 | |
| 3 | 0335362 | 203353628 | 第二样本阅览室/ [索取号:TP335/76] | 在馆 |